Normal view MARC view
  • PROJECT SUPERVISOR DR. AHSAN SHAHZAD

Entry Corporate Name

Number of records used in: 3

001 - CONTROL NUMBER

  • control field: 96501

003 - CONTROL NUMBER IDENTIFIER

  • control field: NUST

005 - DATE AND TIME OF LATEST TRANSACTION

  • control field: 20220804102826.0

008 - FIXED-LENGTH DATA ELEMENTS

  • fixed length control field: 220804|| aca||aabn | a|a d

040 ## - CATALOGING SOURCE

  • Original cataloging agency: NUST
  • Transcribing agency: NUST

110 ## - HEADING--CORPORATE NAME

  • Corporate name or jurisdiction name as entry element: PROJECT SUPERVISOR DR. AHSAN SHAHZAD

670 ## - SOURCE DATA FOUND

  • Source citation: Work cat.: (NUST): GC RASHID ALI NS SHAKEEL HASSAN NS RAZA ALVI NS MASOOM ALI 96500, PR-SOF-2100-Gait Assessment Device, 2022.
© 2023 Central Library, National University of Sciences and Technology. All Rights Reserved.